000 00842cab a2200265 4500
001 X2969
008 090401t1995 xxu||||| |||| 00| 0 eng d
035 _a(Sirsi) u27566
041 _aeng
100 _aHughes, M.
245 _aEurope and minerals planning
260 _c1995
350 _a0
490 _aCSM (Chartered Surveyor Monthly)
_v4(9) July/August 1995, 37(1)
520 _aSummarises the key messages of the RTPI/BACMI minerals conference held March 1995. Issues covered include the increasing influence of the EU, road materials, consistency and recycling.
650 _aAGGREGATES
650 _aEUROPE
650 _aLand use
_96251
650 _aMINERALS PLANNING
650 _aMINERALS PLANNING GUIDANCE NOTE SIX
650 _aRECYCLING
690 _aMINING AND MINERALS
942 _n0
948 _c04/03/1997
999 _c18560
_d18560